Equipos de trabajo: 10 pasos para obtener resultados
Spremljeno u:
| Glavni autor: | |
|---|---|
| Format: | Knjiga |
| Jezik: | španjolski |
| Izdano: |
Ciudad de México
Prentice Hall
1998
|
| Izdanje: | 1a. ed |
| Teme: | |
| Oznake: |
Dodaj oznaku
Bez oznaka, Budi prvi tko označuje ovaj zapis!
|
MARC
| LEADER | 00000cam a2200000 a 4500 | ||
|---|---|---|---|
| 001 | UCP6071 | ||
| 003 | CL-VaPUC | ||
| 008 | 991008e19980000MX |||||||||||||||||spa|d | ||
| 020 | |a 9701702077 | ||
| 082 | 0 | 4 | |a 658.312 |b REE |2 21 |
| 100 | 0 | |a Rees, Fran |e author |9 434888 | |
| 245 | 1 | 0 | |a Equipos de trabajo: 10 pasos para obtener resultados |
| 250 | |a 1a. ed | ||
| 300 | |a 209 p | ||
| 942 | |c BK | ||
| 945 | |d 19991008 00:00:00 |a rbrito | ||
| 260 | |a Ciudad de México |b Prentice Hall |c 1998 | ||
| 650 | 7 | |a TRABAJO EN EQUIPO |2 CL-VaPUC |9 393025 | |
| 650 | 0 | |a Dinámica de grupos |9 259862 | |
| 650 | 0 | |a Organización |9 256369 | |
| 650 | 0 | |a Gestión administrativa |9 375217 | |
| 650 | 0 | |a Producción |9 263680 | |
| 650 | 0 | |a Liderazgo |9 271835 | |
| 583 | |a last modification |c 20170224 05:45:57 |k Rodrigo Vera | ||
| 999 | |c 283695 |d 283693 | ||
| 952 | |0 0 |1 0 |4 0 |6 658_312000000000000_REE_1998 |7 0 |8 A |9 327097 |a BIBEDU |b BIBEDU |d 2019-11-20 |i 3569500 |o 658.312 REE 1998 |p 3569500 |r 2019-11-20 |w 2019-11-20 |y BK |k PSI | ||
| 952 | |0 0 |1 0 |3 erb |4 0 |6 658_312000000000000_REE_1998 |7 0 |8 A |9 327098 |a BIBENE |b BIBENE |i 5328616 |o 658.312 REE 1998 |p 5328616 |r 2025-01-15 |w 2019-11-20 |y BK |z Catalogado en:20170303 |k ICO | ||